Score 0/66 Timer 20:00
0 Plays Today
Occupation/Famous For... Name % Correct
Painter/Sculptor; GuernicaPablo Picasso
91.2%
Painter/Sculptor; The Persistence of MemorySalvador Dali
82.4%
Writer/Don QuijoteMiguel de Cervantes
76.9%
Painter/Saturn Devouring His SonFrancisco de Goya
74.7%
Painter/Las MeninasDiego Velazquez
74.7%
Painter/View of ToledoEl Greco
74.7%
Architect/Sculptor; Sagrada Familia ChurchAntoni Gaudi
71.4%
Tennis PlayerRafael Nadal
63.7%
TenorPlacido Domingo
62.6%
TenorJose Carreras
49.5%
Painter/Sculptor; The FarmJoan Miro
39.6%
Poet/Gipsy Ballads, Poem of the Deep SongFederico Garcia Lorca
34.1%
Lakers PlayerPau Gasol
34.1%
Architect/Milwaukee Wisconsin Art MuseumSantiago Calatrava
29.7%
Tennis PlayerCarlos Moya
28.6%
Painter/The Young BeggarBartolome Murillo
27.5%
Writer/Nobel Prize Winner; The HiveCamilo Jose Cela
26.4%
Painter/Walk on the BeachJoaquin Sorolla
25.3%
Painter/The Birth of the VirginFrancisco de Zurbaran
24.2%
Poet/Rhymes (Rimas)Gustavo Adolfo Becquer
24.2%
Poet/La DoroteaLope de Vega
23.1%
Writer/Poet; Mist, Aunt TulaMiguel de Unamuno
22%
Poet/Writer; Autos SacramentalesCalderon de la Barca
20.9%
Writer/Divine Words, Bohemian LightsRamon del Valle-Inclan
20.9%
Essayist/Philosopher; The Revolt of the MassesJose Ortega y Gasset
19.8%
Poet/Poesias completasAntonio Machado
19.8%
Poet/Lola Is Going To PortsManuel Machado
19.8%
Writer/MarianelaBenito Perez Galdos
19.8%
Writer/La RegentaClarin
18.7%
Writer/The Tree of KnowledgePio Baroja
18.7%
Poet/Nobel Prize Winner; Platero and IJuan Ramon Jimenez
18.7%
Writer/La CelestinaFernando de Rojas
18.7%
Poet/El estudiante de SalamancaJose de Espronceda
17.6%
Occupation/Famous For... Name % Correct
Poet/SoledadesLuis de Gongora
17.6%
Poet/Archpriest of HitaJuan Ruiz
16.5%
Poet/Don Juan TenorioJose Zorrilla
16.5%
Poet/Dramatist/Nobel Prize Winner; The Bonds of InterestJacinto Benavente
16.5%
Dramatist/Nobel Prize Winner; Saint or Madman?Jose Echegaray
16.5%
Architect/The EscorialJuan de Herrera
15.4%
Poet/Stanzas about the Death of His FatherJorge Manrique
15.4%
Fray/Poet; The Perfect WifeFray Luis de Leon
13.2%
Poet/Nobel Prize Winner; Shadow of ParadiseVicente Aleixandre
12.1%
Poet/Miracles of Our LadyGonzalo de Berceo
12.1%
Writer/Poet; Cartas MarruecasJose Cadalso
12.1%
Poet/Between Carnation and SwordRafael Alberti
12.1%
Tennis PlayerAlex Corretja
12.1%
DesignerBalenciaga
12.1%
Writer/ Woman Triumphant (La Maja desnuda)Vicente Blasco Ibanez
9.9%
Writer/Press DelegationAzorin
9.9%
Fray/Poet; Comedias escogidasTirso de Molina
9.9%
Jewish Saint/PoetTeresa de Avila
7.7%
Painter/Blood ChristIgnacio Zuloaga
6.6%
Poet/Leander and HeroJuan Boscan
6.6%
Poet/CanticosJorge Guillen
6.6%
Writer/Shanghai SpellJuan Marse
6.6%
Writer/The Tree of GoldAna Maria Matute
6.6%
DesignerAgata Ruiz de la Prada
6.6%
Painter/Saint George Killing the DragonBernat Martorell
5.5%
Poet/Soldier; Sonnets, 22 SongsGarcilazo de la Vega
5.5%
Poet/Fabulas LiterariasTomas de Iriarte
4.4%
Writer/Poet; The SwindlerFrancisco de Quebedo
4.4%
Writer/Cervantes y la libertadLuis Rosales
4.4%
Writer/The Illusions of Doctor FaustinoJuan Valera
4.4%
Poet/Dramatist; The New ComedyFernandez de Moratin
4.4%
DesignerPaloma Picasso
4.4%
DesignerPaco Rabanne
4.4%
Remove Ads.
Support Sporcle.
Get the best of Sporcle when you Go Orange. This ad-free experience offers more features, more stats, and more fun while also helping to support Sporcle. Thank you for becoming a member.

You're not logged in!

Compare scores with friends on all Sporcle quizzes.
OR
Log In

Show Comments

Extras

Top Quizzes Today


Score Distribution

Your Account Isn't Verified!

In order to create a playlist on Sporcle, you need to verify the email address you used during registration. Go to your Sporcle Settings to finish the process.

Report this User

Report this user for behavior that violates our Community Guidelines.

Details: